Statistics for Cities with most Michelin star restaurants

Click here to take the quiz!

General Stats

  • This quiz has been taken 39 times
  • The average score is 7 of 10

Answer Stats

RestaurantsAnswer% Correct
134Paris
100%
304Tokyo
97%
99New York
97%
79London
97%
35Chicago
70%
93Hong Kong
61%
117Osaka
55%
31Brussels
48%
135Kyoto
42%
46San Francisco
33%

Score Distribution

Percentile by Number Answered

Percent of People with Each Score

Your Score History

You have not taken this quiz